Geography Quiz

Random Geography or Blitz Quiz

Click South America's Countries in Alphabetical Order Quiz Stats

Quiz Updated Oct 3, 2016

Challenge
Share
Tweet
Score 0/12 Timer 01:30
16 Plays Today
% Correct
Argentina
90.6%
Brazil
86.3%
Venezuela
86.2%
Peru
75.8%
Chile
74.1%
Uruguay
71.2%
Ecuador
71.1%
Bolivia
70.9%
Colombia
70.8%
Suriname
66%
Paraguay
58%
Guyana
56.7%

You're not logged in!

Compare scores with friends on all Sporcle quizzes.
Join for Free
OR
Log In

Show Comments

Extras

Top Quizzes Today


Score Distribution

Your Account Isn't Verified!

In order to create a playlist on Sporcle, you need to verify the email address you used during registration. Go to your Sporcle Settings to finish the process.

Report this User

Report this user for behavior that violates our Community Guidelines.

Details: